| 000 | 00598nam a2200229Ia 4500 | ||
|---|---|---|---|
| 005 | 20250701164450.0 | ||
| 008 | 008 250505s9999 xx 000 0 eng d | ||
| 020 | _a283991755 | ||
| 037 | _aTextual | ||
| 040 |
_aEASL _beng _cEASL |
||
| 041 |
_aeng _2eng |
||
| 084 |
_aO111,3, M4 _qEASL |
||
| 100 |
_aMontalbano William D _9654144 |
||
| 245 | 0 | _aDeath in China | |
| 260 |
_aLondon _bLondon Sidgwick and Jackson _c1984 |
||
| 300 | _a309p. | ||
| 365 | _b9.95 | ||
| 650 | _aCEL | ||
| 700 |
_aHiaasen Carl _9654145 |
||
| 942 |
_cTEXL _hO111,3, M4 |
||
| 999 |
_c1433179 _d1433179 |
||